Catálogo público

Guía para realizar investigaciones sociales (Record no. 192)

MARC details
000 -CABECERA
campo de control de longitud fija 01138nam a22003377a 4500
003 - IDENTIFICADOR DEL NÚMERO DE CONTROL
campo de control CHAP
005 - FECHA Y HORA DE LA ÚLTIMA TRANSACCIÓN
campo de control 20220329132918.0
008 - DATOS DE LONGITUD FIJA--INFORMACIÓN GENERAL
campo de control de longitud fija 971013s1989 r 00010 d
010 ## - NÚMERO DE CONTROL DE LA BIBLIOTECA DEL CONGRESO
Número de control de LC 192
011 ## - ENLACE DEL NUMERO DE CONTROL DE LA BIBLIOTECA DEL CONGRESO [OBSOLETO]
Número de control de LC 1164
035 ## - NÚMERO DE CONTROL DEL SISTEMA
Número de control de sistema 340
040 ## - FUENTE DE LA CATALOGACIÓN
Centro/agencia transcriptor CHAP
082 ## - NÚMERO DE LA CLASIFICACIÓN DECIMAL DEWEY
Número de clasificación 307.2
Número de documento/Ítem R64 1989
100 00 - ENTRADA PRINCIPAL--NOMBRE DE PERSONA
Nombre de persona Rojas Soriano, Raúl.
9 (RLIN) 99378
245 ## - MENCIÓN DE TÍTULO
Título Guía para realizar investigaciones sociales
250 ## - MENCIÓN DE EDICIÓN
Mención de edición Ed. rev.
260 ## - PUBLICACIÓN, DISTRIBUCIÓN, ETC.
Lugar de publicación, distribución, etc. México :
Nombre del editor, distribuidor, etc. Plaza y Valdés,
Fecha de publicación, distribución, etc. 1989
300 ## - DESCRIPCIÓN FÍSICA
Extensión 286 p.
Otras características físicas ; gráfs.
500 ## - NOTA GENERAL
Nota general 35-145
590 ## - NOTA LOCAL (RLIN)
Nota local BATCH-UPD
Procedencia (VM) [OBSOLETO] 10
Condición del los carretes individuales (VM) [OBSOLETO] 20130110
-- UCH01
-- 1116
590 ## - NOTA LOCAL (RLIN)
Nota local BATCH-UPD
Procedencia (VM) [OBSOLETO] 10
Condición del los carretes individuales (VM) [OBSOLETO] 20130410
-- UCH01
-- 0706
590 ## - NOTA LOCAL (RLIN)
Nota local BATCH-UPD
Procedencia (VM) [OBSOLETO] 10
Condición del los carretes individuales (VM) [OBSOLETO] 20130914
-- UCH01
-- 0938
590 ## - NOTA LOCAL (RLIN)
Nota local CONVERSION
Procedencia (VM) [OBSOLETO] 10
Condición del los carretes individuales (VM) [OBSOLETO] 20130109
-- UCH01
-- 1302
650 14 - PUNTO DE ACCESO ADICIONAL DE MATERIA--TÉRMINO DE MATERIA
Término de materia o nombre geográfico como elemento de entrada Ciencias sociales
Subdivisión general Investigación.
9 (RLIN) 23226
650 14 - PUNTO DE ACCESO ADICIONAL DE MATERIA--TÉRMINO DE MATERIA
Término de materia o nombre geográfico como elemento de entrada Investigación
Subdivisión general Metodología.
9 (RLIN) 60237
901 ## - ELEMENTOS DE DATOS A LOCAL LDA (RLIN)
a BK
942 ## - ELEMENTOS DE PUNTO DE ACCESO ADICIONAL (KOHA)
Tipo de ítem Koha Libro
949 ## - PROCESAMIENTO DE INFORMACIÓN LOCAL (OCLC)
a 307.2 R64 1989
b BC
c LIBRO
d 33724000296729
e LIBRO
h 76564
i 340
s i
t 17.90
949 ## - PROCESAMIENTO DE INFORMACIÓN LOCAL (OCLC)
a 307.2 R64 1989
b BC
c LIBRO
d 33724000296737
e LIBRO
f c.3
h 76566
i 340
s i
t 17.90
949 ## - PROCESAMIENTO DE INFORMACIÓN LOCAL (OCLC)
a 307.2 R64 1989
b BC
c LIBRO
d 33724000296752
e LIBRO
f c.2
h 76565
i 340
s i
t 17.90
Holdings
Estado de retiro Estado de pérdida Fuente del sistema de clasificación o colocación Estado dañado Restricciones de uso No para préstamo Código de colección Localización permanente Ubicación/localización actual Ubicación en estantería Fecha de adquisición Información codificada de la localización en otra ubicación Total de préstamos Signatura topográfica completa Código de barras Fecha visto por última vez Precio válido a partir de Tipo de ítem Koha Número de copia
    Dewey Decimal Classification   Préstamo 15 días   General Biblioteca Central Biblioteca Central Planta alta - Colección General 31/12/2019 LIBRO   307.2 R64 1989 33724000296729 31/12/2019 31/12/2019 Libro  
    Dewey Decimal Classification   Préstamo 15 días   General Biblioteca Central Biblioteca Central Planta alta - Colección General 31/12/2019 LIBRO   307.2 R64 1989 33724000296737 31/12/2019 31/12/2019 Libro c.3
    Dewey Decimal Classification   Préstamo 15 días   General Biblioteca Central Biblioteca Central Planta alta - Colección General 31/12/2019 LIBRO   307.2 R64 1989 33724000296752 31/12/2019 31/12/2019 Libro c.2